Kto sa neprispôsobí, neprežije
Odborníci očakávajú výrazný nárast tranzitu plynu cez Slovensko. Liberalizácia vnútorného trhu s plynom ako hybná sila transformácie plynárenstva v Európe. Ceny energií pre obyvateľstvo. Snaha o dosiahnutie rozumnejšieho hospodárenia s energetickými zdrojmi EÚ .
Enregistré dans:
| Auteur principal: | |
|---|---|
| Format: | Chapitre de livre |
| Langue: | slovaque |
| Sujets: | |
| Tags: |
Pas de tags, Soyez le premier à ajouter un tag!
|
MARC
| LEADER | 00000naa a2200000 4500 | ||
|---|---|---|---|
| 001 | r048557 | ||
| 005 | 20230920090659.9 | ||
| 041 | 0 | |a slo | |
| 044 | |a SK | ||
| 245 | 1 | 0 | |a Kto sa neprispôsobí, neprežije |c Alexander Sotník |
| 520 | |a Odborníci očakávajú výrazný nárast tranzitu plynu cez Slovensko. Liberalizácia vnútorného trhu s plynom ako hybná sila transformácie plynárenstva v Európe. Ceny energií pre obyvateľstvo. Snaha o dosiahnutie rozumnejšieho hospodárenia s energetickými zdrojmi EÚ . | ||
| 610 | 2 | 0 | |a priemysel plynárenský |
| 610 | 2 | 0 | |a tranzit |
| 610 | 2 | 0 | |a plyn |
| 610 | 2 | 0 | |a Slovensko |
| 610 | 2 | 0 | |a Európska únia |
| 610 | 2 | 0 | |a liberalizácia |
| 610 | 2 | 0 | |a ceny |
| 610 | 2 | 0 | |a hospodárenie so surovinami |
| 100 | 1 | |a Sotník, Alexander | |